000
00435nam a2200145Ia 4500
001
15272
003
GE_BSU
008
181216s||||||||xx |||||||||||||| ||und||
040
_c
GE_BSU
100
_a
შენგელაია,დემნა
245
_a
მოთხრობები.
245
_c
რედ.ქ.თავაძე, მხატვ.ნ.ხონგელი
653
_a
მოთხრობები.
942
_c
BK
999
_c
48384
_d
48384